Mortal lessons : (Record no. 599)

000 -LEADER
fixed length control field 00723nam a22002657a 4500
001 - CONTROL NUMBER
control field 2234346
003 - CONTROL NUMBER IDENTIFIER
control field OSt
005 - DATE AND TIME OF LATEST TRANSACTION
control field 20210421054152.0
008 - FIXED-LENGTH DATA ELEMENTS--GENERAL INFORMATION
fixed length control field 760714s1976 nyua 000 0 eng
010 ## - LIBRARY OF CONGRESS CONTROL NUMBER
LC control number 76025481
020 ## - INTERNATIONAL STANDARD BOOK NUMBER
International Standard Book Number 0671223569
040 ## - CATALOGING SOURCE
Original cataloging agency eng
Transcribing agency DLC
Modifying agency eng
041 ## - LANGUAGE CODE
Language code of text/sound track or separate title eng
050 00 - LIBRARY OF CONGRESS CALL NUMBER
Classification number RD39
Item number .S44 1976
080 ## - UNIVERSAL DECIMAL CLASSIFICATION NUMBER
Universal Decimal Classification number 617
Item number S-45
082 00 - DEWEY DECIMAL CLASSIFICATION NUMBER
Classification number 617
100 1# - MAIN ENTRY--PERSONAL NAME
Personal name Selzer, Richard,
Dates associated with a name 1928-2016.
245 10 - TITLE STATEMENT
Title Mortal lessons :
Remainder of title notes on the art of surgery /
Statement of responsibility, etc. Richard Selzer.
260 ## - PUBLICATION, DISTRIBUTION, ETC.
Place of publication, distribution, etc. New York :
Name of publisher, distributor, etc. Simon and Schuster,
Date of publication, distribution, etc. c1976.
300 ## - PHYSICAL DESCRIPTION
Extent 219 p. :
Other physical details ill. ;
Dimensions 22 cm.
650 #0 - SUBJECT ADDED ENTRY--TOPICAL TERM
Topical term or geographic name entry element Surgery.
653 ## - INDEX TERM--UNCONTROLLED
Uncontrolled term ქირურგია
906 ## - LOCAL DATA ELEMENT F, LDF (RLIN)
a 7
b cbc
c orignew
d 1
e ocip
f 19
g y-gencatlg
942 ## - ADDED ENTRY ELEMENTS (KOHA)
Source of classification or shelving scheme
Koha item type Books
Holdings
Withdrawn status Lost status Source of classification or shelving scheme Damaged status Not for loan Permanent location Current location Date acquired Inventory number Total Checkouts Full call number Barcode Date last seen Price effective from Koha item type
          Ken Walker International University Ken Walker International University 12/14/2020 760   617 S-45 760 12/14/2020 12/14/2020 Books

Powered by Koha